000 00401nam a22001457a 4500
005 20250407154729.0
008 250407b |||||||| |||| 00| 0 eng d
020 _a9780273634164
050 _aHD30
_b.28 BEN
100 _aBennett, Roger
245 _aCorporate strategy and business planning
260 _aLondon
_bFinancial Times Pitman Publishing
_cc1996
300 _avii, 360p
942 _2lcc
_cBK
_n0
999 _c5384
_d5384